Twin Peaks Episodes - Statistics

General Stats
  • This quiz has been taken 80 times
  • The average score is 10 of 48
Answer Stats
No. Episode % Correct
1 Northwest Passage
89%
15 Lonely Souls
41%
17 Arbitrary Law
39%
30 Beyond Life and Death
39%
3 Zen, or the Skill to Catch a Killer
39%
9 May the Giant Be with You
38%
29 Miss Twin Peaks
33%
16 Drive with a Dead Girl
31%
10 Coma
30%
8 The Last Evening
30%
38 Gotta Light?
27%
14 Demons
25%
18 Dispute Between Brothers
25%
12 Laura's Secret Diary
25%
7 Realization Time
25%
23 Slaves and Masters
25%
28 The Path to the Black Lodge
25%
6 Cooper's Dreams
23%
2 Traces to Nowhere
23%
31 My Log Has a Message for You
22%
47 The Past Dictates the Future
22%
26 On the Wings of Love
20%
48 What Is Your Name?
20%
21 Checkmate
19%
4 Rest in Pain
17%
5 The One-Armed Man
17%
20 The Black Widow
16%
13 The Orchid's Curse
16%
33 Call for Help
14%
11 The Man Behind the Glass
14%
27 Variations on Relations
14%
22 Double Play
13%
41 There's Fire Where You Are Going
13%
42 Let's Rock
11%
19 Masked Ball
11%
46 No Knock, No Doorbell
11%
24 The Condemned Woman
11%
25 Wounds and Scars
11%
39 This Is the Chair
9%
35 Case Files
8%
45 There's Some Fear in Letting Go
8%
32 The Stars Turn and a Time Presents Itself
8%
44 We Are Like the Dreamer
6%
36 Don't Die
5%
40 Laura Is the One
5%
37 There's a Body All Right
5%
43 What Story Is That, Charlie?
5%
34 ...Brings Back Some Memories
0%
No matching quizzes found
Score Distribution
Percent of People with Each Score
Percentile by Number Answered
Your Score History
You have not taken this quiz